000 01184cam a22003377a 4500
003 CHAP
005 20220329133441.0
008 971013s1992 r 00010 d
010 _a6542
011 _a7514
035 _a6737
040 _cCHAP
090 _aTesis
100 0 0 _aHernández García, Noé.
_954054
245 0 _aEvaluación técnica-financiera de la producción de hortalizas en hidroponia bajo dos tipos de invernaderos, Tocuila, Edo. de México
260 _aChapingo, Méx. :
_bEl autor,
_c1992
300 _a185 h.
_b; gráfs.
502 _aTesis (Ing. Agr. Esp. en Economía Agrícola) -- UACH. Departamento de Economía Agrícola
590 _aALEPH
_b10
_c20130110
_lUCH01
_h1219
590 _aBATCH-UPD
_b10
_c20130110
_lUCH01
_h0915
590 _aBATCH-UPD
_b10
_c20130410
_lUCH01
_h0539
590 _aBATCH-UPD
_b10
_c20130914
_lUCH01
_h1128
590 _aCONVERSION
_b10
_c20130109
_lUCH01
_h1305
650 1 4 _aCultivos en invernadero.
_930376
650 1 4 _aHidroponía.
_955280
650 1 4 _aInvernaderos.
_960172
650 1 4 _aLegumbres
_xCostos de producción.
_965702
901 _aBK
942 _cTESIS
949 _bBC
_cTES
_d-16347
_eTS1
_h25182
_i6737
_si
999 _c6542
_d6542